banner koha

Janela de Johari : (Registro n. 259843)

MARC details
000 -LÍDER
Campo de controle fixo 00736nam a22002537a 4500
001 - NÚMERO DE CONTROLE
Número de controle BS2023000533
003 - CÓDIGO MARC DA AGÊNCIA CATALOGADORA
Campo de controle BR-BrBNA
005 - DATA E HORA DA ÚLTIMA ATUALIZAÇÃO
Campo de controle 20231206092539.0
008 - CAMPO DE TAMANHO FIXO
Campo fixo de controle 231206b bl.||||| |||| 00| 0 por d
020 ## - ISBN - INTERNATIONAL STANDARD BOOK NUMBER
ISBN 85.326.0290-8
040 ## - FONTE DA CATALOGAÇÃO
Agência catalogadora BR-BrBNA
Idioma da catalogação por
041 ## - CÓDIGO DO IDIOMA
Código do Idioma por
072 ## - CATEGORIA DE CLASSIFICAÇÃO
Código da categoria de assunto E11
100 ## - ENTRADA PRINCIPAL - NOME PESSOAL
Código de relação aut.
Nome pessoal Fritzen, Silvino José
245 ## - TÍTULO PRINCIPAL
Título principal Janela de Johari :
Subtítulo Exercícios vivenciais de dinâmica de grupo, relações humanas e de sensibilidade /
Indicação de responsabilidade Silvino José Fritzen
250 ## - EDIÇÃO
Edição 14 ed.
260 ## - IMPRENTA (PUBLICAÇÃO, DISTRIBUIÇÃO, ETC.)
Lugar de publicação, distribuição, etc. Petrópolis, RJ :
Nome do editor, distribuidor, etc. Editora Vozes,
Data de publicação, distribuição, etc 1999.
300 ## - DESCRIÇÃO FÍSICA
Extensão 115 p.
650 ## - ASSUNTO
Cabeçalho tópico ou nome geográfico RELAÇÕES HUMANAS
650 ## - ASSUNTO
Cabeçalho tópico ou nome geográfico AUTOAJUDA
909 ## - IDENTIFICAÇÃO DO CATALOGADOR
Ano e mês da catalogação (aaaamm) 202312
Identificação do catalogador Ana Lívia
942 ## - TIPO ESPECÍFICO
Tipo de material Livros
Exemplares
Status de empréstimo Fonte de classificação Status de danificação Não pode ser emprestado Localização permanente Localização atual Total Checkouts Número de chamada Código de barras Date last seen Tipo de material Perdido Data de aquisição Fonte de aquisição Qualificador de localização codificada Preço Número de inventário Preço para reposição Preço efetivo a partir de
  Classificação AGRIS     Espaço Ceres - QVT/MAPA Espaço Ceres - QVT/MAPA   E11 BS2023000533 2023-437050 06/12/2023 Livros                

BINAGRI

Telefone: (61)3218-2567/2388/3357/2097 - binagri@agro.gov.br

Ministério da Agricultura e Pecuária , Esplanada dos Ministérios, Bloco D, Anexo B, Brasília/DF, CEP: 70.043-900